000 007660am a2200217 004500
003 EG-GiCUC
008 080809s1964 ua g 000 0 ara d
040 _aEG-GiCUC
_bara
_cEG-GiCUC
092 0 4 _a352.470962
_bJ327
_221
099 _a04
_a352.470962 J327
110 2 _aجمعية ديوان الموظفين (القاهرة : مصر)
245 1 0 _aمجموعة الرواتب والبدلات الاضافية
260 _aالقاهرة :
_bالجمعية :
_c1964
300 _a455ص ؛
_c30سم
650 7 _aالموظفون
_xمرتبات ومعاشات
_2qrmak
902 _a1
905 _aمنى
_eمدخل
905 _aمنى
_eمراجع
942 _2ddc
_cBK
999 _c101798
_d101798